Direktinvestitionen <Eine> Problemskizze
Gespeichert in:
| 1. Verfasser: | |
|---|---|
| Format: | Buch |
| Sprache: | Deutsch |
| Veröffentlicht: |
Berlin
Duncker und Humblot
1981
|
| Schriftenreihe: | Volkswirtschaftliche Schriften
Heft 306 |
| Tags: |
Keine Tags, Fügen Sie das erste Tag hinzu!
|
MARC
| LEADER | 00000nam a2200000 4500 | ||
|---|---|---|---|
| 001 | c136995 | ||
| 005 | 20041019155308.6 | ||
| 041 | 0 | |a ger | |
| 044 | |a DE | ||
| 245 | 1 | 0 | |a Direktinvestitionen |b <Eine> Problemskizze |c Hubertus Adebahr |
| 264 | 1 | |a Berlin |b Duncker und Humblot |c 1981 | |
| 300 | |a 95 s. | ||
| 490 | 1 | |a Volkswirtschaftliche Schriften |v Heft 306 | |
| 830 | 0 | |a Volkswirtschaftliche Schriften |v Heft 306 | |
| 100 | 1 | |a Adebahr, Hubertus | |